Loading...
| Science - Physics | 0 | 8 | 0 | 2 | 80 | 41 | 67.88 | 2 | 4 |
| Science - Other Science | 0 | 7 | 0 | 1 | 70 | 44 | 74.86 | 3 | 5 |
| Science - Biology | 0 | 7 | 2 | 1 | 60 | 39 | 65.14 | 3 | 5 |
| Religion | 0 | 5 | 1 | 0 | 45 | 28 | 77.40 | 1 | 4 |
| Science - Chemistry | 0 | 5 | 3 | 0 | 35 | 67 | 82.20 | 1 | 2 |
| Literature - European Literature | 0 | 3 | 0 | 0 | 30 | 44 | 57.00 | 1 | 3 |
| Literature - World/Other Literature | 0 | 2 | 0 | 1 | 20 | 73 | 93.50 | 1 | 1 |
| Philosophy | 0 | 2 | 1 | 1 | 15 | 89 | 107.50 | 0 | 1 |
| History - American History | 0 | 2 | 1 | 0 | 15 | 81 | 89.00 | 0 | 1 |
| History - Other History | 0 | 1 | 0 | 0 | 10 | 42 | 42.00 | 0 | 1 |
| Literature - British Literature | 0 | 1 | 0 | 0 | 10 | 74 | 74.00 | 1 | 1 |
| Mythology | 0 | 2 | 2 | 0 | 10 | 49 | 61.00 | 0 | 2 |
| Literature - American Literature | 0 | 1 | 0 | 0 | 10 | 48 | 48.00 | 0 | 1 |
| Social Science | 0 | 1 | 1 | 0 | 5 | 100 | 100.00 | 0 | 1 |
| History - European History | 0 | 1 | 1 | 0 | 5 | 65 | 65.00 | 0 | 1 |
| History - World History | 0 | 1 | 1 | 0 | 5 | 69 | 69.00 | 0 | 0 |
| Geography/Current Events | 0 | 0 | 1 | 0 | -5 | 0.00 | 0 | 0 |